000 01026cam a22001934a 4500
005 20250605164400.0
008 250528s ||||||||||||||||||||||||d
035 _a24541
040 _aGR-AtMCL
_bgre
_dGR-AtMCL
_eAACR2
245 1 _aΣτη Μεσόγειο, η Φύση Χαρίζει
260 _c2013
300 _a34
520 _aΈρχεται η Ώρα του Γραμματόσημου, Αποτελεσματικότητα και Αυτοματοποίηση και Data Skills Αλλάζουν το 'Παιχνίδι', Creative Media και Engagement τα Νέα Ζητούμενα από τους Marketers, Οι Νέες Ευκαιρίες Φέρνουν Νέους 'Παίκτες', Υπάρχει Επιτυχία Χωρίς Διαφήμιση, Μια 'Πράσινη' Ιστορία Ζωής και Επιχειρηματικού Δαιμονίου.
700 1 _aΚορδελάς Δημήτρης
_99464
942 _cCR
710 2 _aThe Marketing Week
_99825
999 _c9418
_d9418